| 000 | 00669pam a2200229 a 4500 | ||
|---|---|---|---|
| 008 | |||
| 020 | _a0131804154 (pbk.) | ||
| 049 | _aMAIN | ||
| 090 | _aTK7881.15 | ||
| 100 | 1 | _aHart, Daniel W. | |
| 245 | 1 | 0 |
_aIntroduction to power electronics / _cDaniel W. Hart. |
| 260 |
_aUpper Saddle River : _bPrentice Hall, _cc1997. |
||
| 300 |
_axiv, 418 p. : _bill. ; _c25 cm. |
||
| 500 | _aIncludes index. | ||
| 504 | _aIncludes bibliographical reference. | ||
| 650 | 0 | _aPower electronics. | |
| 907 |
_a.b10174540 _b09-09-05 _c07-09-05 |
||
| 003 | |||
| 005 | 20230123134104.0 | ||
| 040 | _cNUST | ||
| 942 |
_cBOOKS _kTK7881.15 |
||
| 999 |
_c159854 _d159854 |
||